Statistics for Countries With The Least Obesity

Click here to take the quiz!

General Stats

  • This quiz has been taken 25 times
  • The average score is 9 of 15

Answer Stats

Obesity Rate (Percent)Country% Correct
3.9India
86%
3.9Cambodia
77%
5.3Laos
77%
3.6Bangladesh
73%
4.3Japan
73%
4.7South Korea
73%
2.1Vietnam
73%
4.5Ethiopia
68%
4.1Nepal
68%
5.2Sri Lanka
55%
3.8East Timor
41%
5.0Eritrea
41%
5.4Burundi
36%
5.3Madagascar
32%
5.3Uganda
18%

Score Distribution

Percentile by Number Answered

Percent of People with Each Score

Your Score History

You have not taken this quiz